| 000 | 00753nam a2200241 4500 | ||
|---|---|---|---|
| 003 | OSt | ||
| 005 | 20240608033635.0 | ||
| 006 | a | ||
| 008 | 240608b |||||||| |||| 00| 0 eng d | ||
| 020 | _a9780763785949 | ||
| 040 |
_aDWCL-Main lib. _cOC |
||
| 082 | _aCirc. 006.78 W867a 2011 | ||
| 100 | _aWolper, Vickie Ellen | ||
| 245 | _aArtistic web design using Adobe Dreamweaver and Photoshop : an introduction / | ||
| 260 |
_aU.S.A. : _bJones & Barlett Learning, _cc2011. |
||
| 300 |
_axix, _b487 p. : ill. (some col.) ; _c23 cm. |
||
| 504 | _aIncludes index. | ||
| 650 | _a1. Dreamweaver (Computer file). | ||
| 650 | _a2. Adobe photoshop. | ||
| 650 | _a3. Web sites–Design. | ||
| 700 | _aVickie Ellen Wolper | ||
| 942 |
_2ddc _n0 _cBK-CIRC _kCirc. |
||
| 999 |
_c410 _d410 |
||